00400nam a2200157Ia 45000010006000000050017000060080041000230410008000640820018000721000038000902450061001282600009001893000028001986500008002266540008002341296720260306163019.0260306t2008||||xx |||||||||||||| ||spa|| aESP aRD 495.1bD73 aEditorial Shangwu YinshuguaneAUT 0aDiccionario conciso español - chino, chino - español c2008 a728 páginas :c16 cm. aGEN aCHU